| 000 | 00795nam a2200265 a 4500 | ||
|---|---|---|---|
| 001 | 000017410 | ||
| 003 | 000017410 | ||
| 005 | 20170928132111.0 | ||
| 007 | 000 | ||
| 008 | 100324s1998 000 spa d | ||
| 040 |
_aBPMSU _bspa _cBPMSU |
||
| 092 |
_aRD863.3 _bP418c, 1996 |
||
| 100 | 1 |
_aPenson, César Nicolás, _d1855-1901 |
|
| 245 | 1 | 0 |
_aCosas añejas / _cCésar Nicolás Penson |
| 260 |
_aSanto Domingo : _bSusaeta Ediciones Dominicanas _c1996 |
||
| 300 |
_a91 p. ; _c22 cm. |
||
| 490 | 1 | _aBiblioteca Susaeta | |
| 650 | _aCUENTOS DOMINICANOS | ||
| 650 | _aLITERATURA DOMINICANA | ||
| 830 | 0 | _aBiblioteca susaeta | |
| 910 | _aValidado. Control de calidad BNPHU | ||
| 942 |
_2ddc _cBK |
||
| 945 | _aTitulo remanejado para BNPHU | ||
| 956 |
_aVMATEO _b10 _c1020150914 _lBPMSU _h0069 |
||
| 999 |
_c7150 _d7150 |
||